01070 a2200181 4500003000500000005001700005040000900022082001200031100002900043245008700072260003200159300001800191505041900209942002100628999001900649952012100668952009900789NUST20221202144100.0 cNust a537,PUR aEdward M. Purcell923744 aElectricity and magnetism :bBerkeley physics course-volume-2 /cEdward M. Purcell aNew YorkbMcGraw-Hillc1972 axviii,459 p.: aElectrostatics: Charges and Fields (Page-2), The Electronic Potential (Page-36), Electric Field around Conductors (Page-80), Electric Currents (Page-110), The Fields of Moving Charges (Page-148), The Magnetic Field (Page-184), Electromagnetic Induction and Maxwell’s Equations (Page-226), Alternating –current Circuits (Page-274), Electric Fields in Matter (Page-298), Magnetic Fields in Matter (Page-352).  2ddccBKk537,PUR c189121d189121 00102ddc4070aMCSbMCScGENd2016-12-12o537,PURpMCS34840r2016-12-08w2016-12-12yBKzAlmirah No.16, Shelf No.4 00102ddc40708NFICaMCSbMCSd2016-12-12l0o537 PURpMCS36630r2016-12-08w2016-12-12yBK